| 000 | 01063pam a2200325 i 4500 | ||
|---|---|---|---|
| 001 | 1744928 | ||
| 003 | EG-ScBUE | ||
| 005 | 20220313093655.0 | ||
| 008 | 760909s2007 enk f 000 1 eng d | ||
| 020 | _a0141032472 | ||
| 020 | _a9780141032474 | ||
| 040 |
_aDLC _beng _erda _cDLC _dDLC _dEG-ScBUE |
||
| 041 | 1 |
_aeng _hspa |
|
| 082 | 0 | 4 |
_a863 _222 _bGAR |
| 100 | 1 |
_aGarcía Márquez, Gabriel, _d1927-2014, _eauthor. _924183 |
|
| 245 | 1 | 4 |
_aThe autumn of the patriarch / _cGabriel García Márquez ; translated from the Spanish by Gregory Rabassa. |
| 264 | 1 |
_aLondon : _bPenguin Books, _c2007. |
|
| 300 |
_a229 pages ; _c22 cm |
||
| 336 |
_2rdacontent _atext _btxt |
||
| 337 |
_2rdamedia _aunmediated _bn |
||
| 338 |
_2rdacarrier _avolume _bnc |
||
| 546 | _aText in English ; translated from the Spanish. | ||
| 650 | 7 |
_924182 _aDictators _vFiction. _2BUEsh |
|
| 650 | 7 |
_aCorruption _vFiction. _2BUEsh |
|
| 651 | _2BUEsh | ||
| 653 |
_cMay2011 _bHHUUEENN |
||
| 655 |
_vReading book _934232 |
||
| 700 | 1 |
_924161 _aRabassa, Gregory, _etranslator. |
|
| 942 |
_2ddc _cBB |
||
| 999 |
_c15416 _d15416 |
||